Statistiques concernant Conjugaison - Manger

Cliquez ici pour prendre le quiz!

Statistiques générales

  • Ce quiz a été pris 52 fois
  • Le résultat moyen est 61 sur 98

Statistiques - réponses

TempsPronomsVerbe% Correct
Indicatif passé composéJeai mangé
98%
Indicatif passé composéIl/Elle/Ona mangé
98%
Indicatif passé composéTuas mangé
98%
Indicatif passé composéVousavez mangé
98%
Indicatif passé composéNousavons mangé
98%
Indicatif présentJemange
98%
Indicatif présentIl/Elle/Onmange
98%
Indicatif imparfaitJemangeais
98%
Indicatif imparfaitTumangeais
98%
Indicatif présentIls/Ellesmangent
98%
Indicatif présentNousmangeons
98%
Indicatif présentTumanges
98%
Indicatif présentVousmangez
98%
Indicatif passé composéIls/Ellesont mangé
98%
Indicatif imparfaitIls/Ellesmangeaient
93%
Indicatif imparfaitIl/Elle/Onmangeait
93%
Indicatif imparfaitVousmangiez
93%
Indicatif imparfaitNousmangions
93%
Indicatif plus-que-parfaitIls/Ellesavaient mangé
82%
Indicatif plus-que-parfaitJeavais mangé
82%
Indicatif plus-que-parfaitTuavais mangé
82%
Indicatif plus-que-parfaitIl/Elle/Onavait mangé
82%
Indicatif plus-que-parfaitVousaviez mangé
82%
Indicatif plus-que-parfaitNousavions mangé
82%
Subjonctif présentJemange
76%
Indicatif passé simpleJemangeai
73%
Indicatif futur simpleIl/Elle/Onmangera
73%
Indicatif futur simpleTumangeras
73%
Indicatif futur simpleVousmangerez
73%
Indicatif futur simpleNousmangerons
73%
Indicatif futur simpleIls/Ellesmangeront
73%
Subjonctif présentIl/Elle/Onmange
71%
Indicatif passé simpleIl/Elle/Onmangea
71%
Indicatif passé simpleTumangeas
71%
Indicatif futur simpleJemangerai
71%
Subjonctif présentTumanges
71%
Indicatif passé simpleNousmangeâmes
69%
Indicatif passé simpleVousmangeâtes
69%
Indicatif passé simpleIls/Ellesmangèrent
69%
Indicatif passé antérieurJeeus mangé
64%
Indicatif passé antérieurTueus mangé
64%
Indicatif passé antérieurIl/Elle/Oneut mangé
64%
Impératif présentTumange
64%
Subjonctif présentIls/Ellesmangent
64%
Conditionnel présentJemangerais
64%
Conditionnel présentTumangerais
64%
Conditionnel présentIl/Elle/Onmangerait
64%
Indicatif futur antérieurJeaurai mangé
62%
Indicatif futur antérieurIl/Elle/Onaura mangé
62%
Indicatif futur antérieurTuauras mangé
62%
Indicatif futur antérieurVousaurez mangé
62%
Indicatif futur antérieurNousaurons mangé
62%
Indicatif passé antérieurIls/Elleseurent mangé
62%
Conditionnel présentIls/Ellesmangeraient
62%
Conditionnel présentVousmangeriez
62%
Conditionnel présentNousmangerions
62%
Subjonctif présentVousmangiez
62%
Indicatif futur antérieurIls/Ellesauront mangé
60%
Indicatif passé antérieurNouseûmes mangé
60%
Indicatif passé antérieurVouseûtes mangé
60%
Impératif présentNousmangeons
60%
InfinitifPrésentmanger
60%
Subjonctif présentNousmangions
60%
Impératif présentVousmangez
58%
Conditionnel passéIls/Ellesauraient mangé
53%
Conditionnel passéTuaurais mangé
53%
Conditionnel passéJeaurais mangé
53%
Conditionnel passéIl/Elle/Onaurait mangé
53%
Conditionnel passéVousauriez mangé
53%
Conditionnel passéNousaurions mangé
53%
ParticipePrésentmangeant
44%
Subjonctif passéJeaie mangé
42%
Subjonctif passéTuaies mangé
42%
ParticipePassémangé
42%
Subjonctif passéIls/Ellesaient mangé
40%
Subjonctif passéVousayez mangé
40%
Subjonctif passéNousayons mangé
40%
Subjonctif plus-que-parfaitJeeusse mangé
40%
Subjonctif passéIl/Elle/Onait mangé
38%
Subjonctif plus-que-parfaitTueusses mangé
38%
Subjonctif plus-que-parfaitIl/Elle/Oneût mangé
38%
Subjonctif imparfaitJemangeasse
36%
Subjonctif imparfaitTumangeasses
36%
Subjonctif plus-que-parfaitIls/Elleseussent mangé
31%
InfinitifPasséavoir mangé
29%
Subjonctif plus-que-parfaitVouseussiez mangé
29%
Subjonctif plus-que-parfaitNouseussions mangé
29%
Subjonctif imparfaitIl/Elle/Onmangeât
29%
GérondifPrésenten mangeant
27%
Subjonctif imparfaitIls/Ellesmangeassent
24%
Subjonctif imparfaitVousmangeassiez
24%
Subjonctif imparfaitNousmangeassions
24%
Impératif passéVousayez mangé
22%
Impératif passéNousayons mangé
22%
GérondifPasséen ayant mangé
22%
ParticipePasséayant mangé
20%
Impératif passéTuaie mangé
18%
Forme surcomposéeJeai eu mangé
7%

Distribution des résultats

Percentile par nombre de réponses

% des personnes avec chaque résultat

Votre développement - résultats

Vous n’avez pas pris ce quiz